Theory and Problems in Production and Operations Management (Record no. 6583)

MARC details
000 -LEADER
fixed length control field 00310nam a2200121Ia 4500
008 - FIXED-LENGTH DATA ELEMENTS--GENERAL INFORMATION
fixed length control field 191201s2007 xx 000 0 und d
100 ## - MAIN ENTRY--PERSONAL NAME
Personal name CHARY, S.N.
245 #0 - TITLE STATEMENT
Title Theory and Problems in Production and Operations Management
260 ## - PUBLICATION, DISTRIBUTION, ETC. (IMPRINT)
Place of publication, distribution, etc N. Delhi
Name of publisher, distributor, etc TMH
Date of publication, distribution, etc 2007
300 ## - PHYSICAL DESCRIPTION
Extent 681
650 ## - SUBJECT ADDED ENTRY--TOPICAL TERM
Topical term or geographic name as entry element BBA
942 ## - ADDED ENTRY ELEMENTS (KOHA)
Source of classification or shelving scheme Dewey Decimal Classification
Koha item type Text Books
Holdings
Withdrawn status Lost status Source of classification or shelving scheme Damaged status Not for loan Collection code Home library Current library Date acquired Source of acquisition Cost, normal purchase price Bill Number Total Checkouts Full call number Acc. no. / Barcode Date last seen Date last borrowed Actual Cost, discounted price Bill Date Koha item type Checked out Public note
    Dewey Decimal Classification     BBA PIET C-LIBRARY PIET C-LIBRARY 17/06/2016 TMH 195.00 TCM/2016/10403 1 658.5 CHT 28740 13/11/2025 03/11/2025 122.44 13/06/2016 Text Books    
    Dewey Decimal Classification     BBA PIET C-LIBRARY PIET C-LIBRARY 17/06/2016 TMH 195.00 TCM/2016/10403 1 658.5 CHT 28741 22/01/2022 22/01/2022 122.44 13/06/2016 Text Books 21/07/2022 .
    Dewey Decimal Classification     BBA PIET C-LIBRARY PIET C-LIBRARY 17/06/2016 TMH 195.00 TCM/2016/10403   658.5 CHT 28742 04/12/2019   122.44 13/06/2016 Text Books    
    Dewey Decimal Classification     BBA PIET C-LIBRARY PIET C-LIBRARY 17/06/2016 TMH 195.00 TCM/2016/10403   658.5 CHT 28743 04/12/2019   122.44 13/06/2016 Text Books    

Design & Developed by: PIET Central Library
R70 Miles Stone Pattikalyana Samalkha Panipat 132102
mail ID :- [email protected], Phone No:- 0180-2569700 Ex.216